Further engineering mathematics : programmes and problems (Record no. 63446)

000 -LEADER
fixed length control field 00519nam a22001937a 4500
003 - CONTROL NUMBER IDENTIFIER
control field NUST - PNEC
005 - DATE AND TIME OF LATEST TRANSACTION
control field 20170116180813.0
008 - FIXED-LENGTH DATA ELEMENTS--GENERAL INFORMATION
fixed length control field 150511b xxu||||| |||| 00| 0 eng d
020 ## - INTERNATIONAL STANDARD BOOK NUMBER
International Standard Book Number 0333348753
040 ## - CATALOGING SOURCE
Transcribing agency LIBRARY
082 ## - DEWEY DECIMAL CLASSIFICATION NUMBER
Classification number 510.2462 STR
100 ## - MAIN ENTRY--PERSONAL NAME
9 (RLIN) 3520
Personal name Stroud, K.A.
245 ## - TITLE STATEMENT
Title Further engineering mathematics : programmes and problems
Statement of responsibility, etc. K.A. Stroud
250 ## - EDITION STATEMENT
Edition statement -
260 ## - PUBLICATION, DISTRIBUTION, ETC.
Place of publication, distribution, etc. London
Name of publisher, distributor, etc. Macmillan Education
Date of publication, distribution, etc. c1986.
300 ## - PHYSICAL DESCRIPTION
Extent 1074 p. :
650 ## - SUBJECT ADDED ENTRY--TOPICAL TERM
9 (RLIN) 3521
Topical term or geographic name entry element Mathematics
General subdivision ME
942 ## - ADDED ENTRY ELEMENTS (KOHA)
Source of classification or shelving scheme
Koha item type Book
Holdings
Withdrawn status Lost status Source of classification or shelving scheme Damaged status Not for loan Permanent Location Current Location Shelving location Date acquired Source of acquisition Cost, normal purchase price Total Checkouts Full call number Barcode Date last seen Cost, replacement price Price effective from Koha item type
          Pakistan Navy Engineering College (PNEC) Pakistan Navy Engineering College (PNEC)   12/19/1989 Progressive International Agency / Library / Reference Grant 530.10   510.2462 STR PNECLIB-012975 05/11/2015 530.10 12/19/1989 Book
© 2023 Central Library, National University of Sciences and Technology. All Rights Reserved.